00692nam a2200241Ia 4500003000400000005001700004008004100021020001800062040000700080041000800087082001900095100002400114245002300138250000600161260004700167300001200214365001300226440000600239906002400245942001200269999001900281952015000300OSt20230505113335.0210423s2008 xx 000 0 und d a9788177585414 cAL aeng a547 223bFINI aFINAR (I L).998661 aOrganic chemistry. a5 aNew DelhibPearson Education Pvt Ltdc2008 a956bPB b625cINR v2 achemistry ; Organic 2ddccBK c163656d163656 001040708BIOCaSACPGbSACPGd2008-07-04eHigginbothams Pvt Ltdg625.00l1o547 FINIpPG010152r2023-02-06 00:00:00s2023-01-27w2021-04-26yBK